000 01037nam a2200301Ia 4500
003 OSt
005 20221007125357.0
006 a|||||r|||| 00| 0
007 ta
008 221006b |||||||| |||| 00| 0 eng d
020 _a0198558902 (pbk)
_cRs.345.00
024 _a9648
037 _bDhanraj,
_cTextual
040 _aCDL
_cCDL
_beng
041 _2eng
_aeng
082 _aE1:3,G, N9
100 _aIggo Jonathan A
_9721863
245 0 _aNMR spectroscopy in inorganic chemistry by Jonathan A Iggo
260 _aOxford
_bOxford University Press
_c1999
300 _a90p
_ccm.
490 _aOxford chemistry primers; 83
500 _aBibliography p87; Index 88-90p; ^n23/CSL/CARC/2002-2003/379^d2002-09-25^mPurchase; ; 2002-03/309^b2002-10-24^c081^d2002-10-16^eRs.10,653.00^fDhanraj Book House; ; 2002-11-08^bSB^c2002-11-12^dRPS
650 _a Inorganic
650 _a NMR spectroscopy
650 _aChemistry
942 _hE1:3,G, N9
_cTEXL
_2CC
999 _c1215169
_d1215169